Ministri della XVIII legislatura - Statistics

Statistiche generali
  • Questo quiz è stato fatto 137 volte
  • Il punteggio medio è 37 su 78
Statistiche sulle risposte
Ruolo Ministro % Corretto
Vicepresidente del Consiglio Luigi Di Maio
97%
Sviluppo economico Luigi Di Maio
97%
Lavoro e politiche sociali Luigi Di Maio
97%
Affari esteri e cooperazione internazionale Luigi Di Maio
97%
Salute Roberto Speranza
83%
Salute Roberto Speranza
83%
Interno Luciana Lamorgese
74%
Interno Luciana Lamorgese
74%
Beni e attività culturali e turismo Dario Franceschini
71%
Cultura Dario Franceschini
71%
Giustizia Marta Cartabia
69%
Istruzione Patrizio Bianchi
69%
Pubblica amministrazione Renato Brunetta
69%
Istruzione Lucia Azzolina
67%
Affari regionali e autonomie Mariastella Gelmini
66%
Sviluppo economico Giancarlo Giorgetti
61%
Segretario del Consiglio dei Ministri Giancarlo Giorgetti
61%
Programmazione economica Giancarlo Giorgetti
61%
Difesa Lorenzo Guerini
60%
Difesa Lorenzo Guerini
60%
Giustizia Alfonso Bonafede
57%
Giustizia Alfonso Bonafede
57%
Economia e finanze Giovanni Tria
57%
Sud e coesione territoriale Mara Carfagna
57%
Infrastrutture e trasporti Danilo Toninelli
54%
Lavoro e politiche sociali Andrea Orlando
53%
Economia e finanze Roberto Gualtieri
51%
Economia e finanze Daniele Franco
50%
Affari esteri e cooperazione internazionale Enzo Moavero Milanesi
50%
Transizione ecologica Roberto Cingolani
50%
Difesa Elisabetta Trenta
47%
Università e ricerca Maria Cristina Messa
47%
Sviluppo economico Stefano Patuanelli
47%
Politiche agricole, alimentari e forestali Stefano Patuanelli
47%
Politiche agricole, alimentari e forestali Teresa Bellanova
46%
Pubblica amministrazione Fabiana Dadone
44%
Politiche giovanili Fabiana Dadone
44%
Università e ricerca Gaetano Manfredi
44%
Ambiente e tutela del territorio e del mare Sergio Costa
44%
Ambiente e tutela del territorio e del mare Sergio Costa
44%
Politiche agricole alimentari e forestali e del turismo Gian Marco Centinaio
43%
Salute Giulia Grillo
43%
Infrastrutture e mobilità sostenibili Enrico Giovannini
41%
Sud Barbara Lezzi
39%
Turismo Massimo Garavaglia
39%
Affari europei Paolo Savona - Lorenzo Fontana
39%
Politiche giovanili e sport Vincenzo Spadafora
39%
Pari opportunità e giovani Vincenzo Spadafora
39%
Innovazione tecnologica e transizione digitale Vittorio Colao
39%
Affari regionali e autonomie Erika Stefani
37%
Disabilità Erika Stefani
37%
Rapporti con il Parlamento Federico D'Incà
37%
Rapporti con il Parlamento Federico D'Incà
37%
Sud e coesione territoriale Giuseppe Provenzano
37%
Rapporti con il Parlamento Riccardo Fraccaro
37%
Segretario del Consiglio dei Ministri Riccardo Fraccaro
37%
Beni e attività culturali Alberto Bonisoli
36%
Pari opportunità e famiglia Elena Bonetti
34%
Pari opportunità e famiglia Elena Bonetti
34%
Affari regionali e autonomie Francesco Boccia
34%
Pubblica amministrazione Giulia Bongiorno
34%
Istruzione, università e ricerca Lorenzo Fioramonti - **
34%
Famiglia e disabilità Lorenzo Fontana - Alessandra Locatelli
34%
Istruzione, università e ricerca Marco Bussetti
34%
Infrastrutture e trasporti Paola De Micheli
33%
Sport Valentina Vezzali
33%
Affari europei Vincenzo Amendola
33%
Affari europei Vincenzo Amendola
33%
Lavoro e politiche sociali Nunzia Catalfo
30%
Segretario del Consiglio dei Ministri Roberto Garofoli
29%
Innovazione tecnologica e digitalizzazione Paola Pisano
24%
Autorità delegata per la sicurezza della Repubblica Pietro Benassi
24%
Editoria Vito Crimi
23%
Editoria Giuseppe Moles
21%
Autorità delegata per la sicurezza della Repubblica Franco Gabrielli
20%
Programmazione economica Bruno Tabacci
14%
Programmazione economica Mario Turco
14%
Editoria Andrea Martella
11%
Nessun quiz corrispondente trovato
Distribuzione punteggi
Percentuale di utenti per punteggio
Percentile per numero di risposta
I tuoi punteggi nel tempo
Non hai fatto questo quiz